Designing for autism spectrum disorders / (Record no. 5890)

MARC details
000 -LEADER
fixed length control field 01249cam a2200325 i 4500
001 - CONTROL NUMBER
control field 18870928
005 - DATE AND TIME OF LATEST TRANSACTION
control field 20230205080635.0
008 - FIXED-LENGTH DATA ELEMENTS--GENERAL INFORMATION
fixed length control field 151124s2016 nyu b 001 0 eng
010 ## - LIBRARY OF CONGRESS CONTROL NUMBER
LC control number 2015046509
020 ## - INTERNATIONAL STANDARD BOOK NUMBER
International Standard Book Number 9780415725279 (hardback : alk. paper)
040 ## - CATALOGING SOURCE
Original cataloging agency DLC
Language of cataloging eng
Transcribing agency DLC
Description conventions rda
Modifying agency DLC
042 ## - AUTHENTICATION CODE
Authentication code pcc
050 00 - LIBRARY OF CONGRESS CALL NUMBER
Classification number NA2543.S47
Item number G35 2016
082 00 - DEWEY DECIMAL CLASSIFICATION NUMBER
Classification number 720.47 G35 2016
Edition number 23
100 1# - MAIN ENTRY--PERSONAL NAME
Personal name Gaines, Kristi,
Relator term author.
245 10 - TITLE STATEMENT
Title Designing for autism spectrum disorders /
Statement of responsibility, etc. Kristi Gaines, Angela Bourne, Michelle Pearson and Mesha Kleibrink.
264 #1 - PRODUCTION, PUBLICATION, DISTRIBUTION, MANUFACTURE, AND COPYRIGHT NOTICE
Place of production, publication, distribution, manufacture New York :
Name of producer, publisher, distributor, manufacturer Routledge, Taylor & Francis Group,
Date of production, publication, distribution, manufacture, or copyright notice 2016.
300 ## - PHYSICAL DESCRIPTION
Extent xi, 220 pages ;
Dimensions 29 cm
336 ## - CONTENT TYPE
Content type term text
Source rdacontent
337 ## - MEDIA TYPE
Media type term unmediated
Source rdamedia
338 ## - CARRIER TYPE
Carrier type term volume
Source rdacarrier
504 ## - BIBLIOGRAPHY, ETC. NOTE
Bibliography, etc. note Includes bibliographical references (pages 205-214) and index.
650 #0 - SUBJECT ADDED ENTRY--TOPICAL TERM
Topical term or geographic name entry element Senses and sensation in architecture.
650 #0 - SUBJECT ADDED ENTRY--TOPICAL TERM
Topical term or geographic name entry element Architecture
General subdivision Psychological aspects.
650 #0 - SUBJECT ADDED ENTRY--TOPICAL TERM
Topical term or geographic name entry element Design
General subdivision Human factors.
650 #0 - SUBJECT ADDED ENTRY--TOPICAL TERM
Topical term or geographic name entry element Autism spectrum disorders.
906 ## - LOCAL DATA ELEMENT F, LDF (RLIN)
a 7
b cbc
c orignew
d 1
e ecip
f 20
g y-gencatlg
942 ## - ADDED ENTRY ELEMENTS (KOHA)
Source of classification or shelving scheme Dewey Decimal Classification
Koha item type English Book
Suppress in OPAC No
Holdings
Withdrawn status Lost status Source of classification or shelving scheme Damaged status Not for loan Home library Current library Date acquired Total Checkouts Full call number Barcode Date last seen Copy number Price effective from Koha item type
    Dewey Decimal Classification     CENTRAL TUWAIQ 02/05/2023   720.47 G35 2016 1000000024346 02/05/2023 1 02/05/2023 English Book
    Dewey Decimal Classification     CENTRAL TUWAIQ 04/17/2024   720.47 G35 2016 1000000025005 04/17/2024   04/17/2024 English Book